All Aston Villa Premier League Players Ever - Statistics

General Stats
  • This quiz has been taken 63 times
  • The average score is 244 of 711
Answer Stats
% Correct
2020/21 Argentina Emiliano Martinez 38
86%
2021/22 Argentina Emiliano Martinez 36
86%
2022/23 Argentina Emiliano Martinez 36
86%
2013/14 England Jack Grealish 1
84%
2014/15 England Jack Grealish 17
84%
2015/16 England Jack Grealish 16
84%
2019/20 England Jack Grealish 36
84%
2020/21 England Jack Grealish 26
84%
2019/20 Scotland John McGinn 28
78%
2020/21 Scotland John McGinn 37
78%
2021/22 Scotland John McGinn 35
78%
2022/23 Scotland John McGinn 34
78%
2021/22 Jamaica Leon Bailey 18
78%
2022/23 Jamaica Leon Bailey 33
78%
2020/21 England Ollie Watkins 37
78%
2021/22 England Ollie Watkins 35
78%
2022/23 England Ollie Watkins 37
78%
2019/20 England Tyrone Mings 33
78%
2020/21 England Tyrone Mings 36
78%
2021/22 England Tyrone Mings 36
78%
2022/23 England Tyrone Mings 35
78%
2019/20 Brazil Douglas Luiz 36
76%
2020/21 Brazil Douglas Luiz 33
76%
2021/22 Brazil Douglas Luiz 34
76%
2022/23 Brazil Douglas Luiz 37
76%
1992/93 Trinidad & Tobago Dwight Yorke 27
76%
1993/94 Trinidad & Tobago Dwight Yorke 12
76%
1994/95 Trinidad & Tobago Dwight Yorke 37
76%
1995/96 Trinidad & Tobago Dwight Yorke 35
76%
1996/97 Trinidad & Tobago Dwight Yorke 37
76%
1997/98 Trinidad & Tobago Dwight Yorke 30
76%
1998/99 Trinidad & Tobago Dwight Yorke 1
76%
2005/06 England James Milner 27
73%
2008/09 England James Milner 36
73%
2009/10 England James Milner 36
73%
2010/11 England James Milner 1
73%
2020/21 Poland Matty Cash 28
73%
2021/22 Poland Matty Cash 38
73%
2022/23 Poland Matty Cash 26
73%
1997/98 England Gareth Barry 2
70%
1998/99 England Gareth Barry 32
70%
1999/00 England Gareth Barry 30
70%
2000/01 England Gareth Barry 30
70%
2001/02 England Gareth Barry 20
70%
2002/03 England Gareth Barry 35
70%
2003/04 England Gareth Barry 36
70%
2004/05 England Gareth Barry 34
70%
2005/06 England Gareth Barry 36
70%
2006/07 England Gareth Barry 35
70%
2007/08 England Gareth Barry 37
70%
2008/09 England Gareth Barry 38
70%
2019/20 England Ezri Konsa 25
68%
2020/21 England Ezri Konsa 36
68%
2021/22 England Ezri Konsa 29
68%
2022/23 England Ezri Konsa 38
68%
2021/22 France Lucas Digne 16
68%
2022/23 France Lucas Digne 28
68%
2015/16 Spain Adama Traore 10
65%
2020/21 Burkina Faso Bertrand Traore 36
65%
2021/22 Burkina Faso Bertrand Traore 9
65%
2022/23 Burkina Faso Bertrand Traore 8
65%
2004/05 England Carlton Cole 27
65%
2010/11 England Darren Bent 16
65%
2011/12 England Darren Bent 22
65%
2012/13 England Darren Bent 16
65%
2014/15 England Darren Bent 7
65%
2021/22 Argentina Emiliano Buendia 35
65%
2022/23 Argentina Emiliano Buendia 38
65%
2005/06 England Gabriel Agbonlahor 9
65%
2006/07 England Gabriel Agbonlahor 38
65%
2007/08 England Gabriel Agbonlahor 37
65%
2008/09 England Gabriel Agbonlahor 36
65%
2009/10 England Gabriel Agbonlahor 36
65%
2010/11 England Gabriel Agbonlahor 26
65%
2011/12 England Gabriel Agbonlahor 33
65%
2012/13 England Gabriel Agbonlahor 28
65%
2013/14 England Gabriel Agbonlahor 30
65%
2014/15 England Gabriel Agbonlahor 34
65%
2015/16 England Gabriel Agbonlahor 15
65%
2014/15 England Joe Cole 12
65%
2021/22 Brazil Philippe Coutinho 19
65%
2022/23 Brazil Philippe Coutinho 20
65%
2006/07 England Ashley Young 13
62%
2007/08 England Ashley Young 37
62%
2008/09 England Ashley Young 36
62%
2009/10 England Ashley Young 37
62%
2010/11 England Ashley Young 34
62%
2021/22 England Ashley Young 24
62%
2022/23 England Ashley Young 29
62%
2008/09 England Luke Young 34
62%
2009/10 England Luke Young 16
62%
2010/11 England Luke Young 23
62%
2011/12 England Luke Young 2
62%
2008/09 United States Brad Friedel 38
59%
2009/10 United States Brad Friedel 38
59%
2010/11 United States Brad Friedel 38
59%
2006/07 Bulgaria Stiliyan Petrov 30
59%
2007/08 Bulgaria Stiliyan Petrov 28
59%
2008/09 Bulgaria Stiliyan Petrov 36
59%
2009/10 Bulgaria Stiliyan Petrov 37
59%
2010/11 Bulgaria Stiliyan Petrov 27
59%
2011/12 Bulgaria Stiliyan Petrov 27
59%
1994/95 England Tommy Johnson 14
57%
1995/96 England Tommy Johnson 23
57%
1996/97 England Tommy Johnson 20
57%
2019/20 Egypt Trezeguet 34
54%
2020/21 Egypt Trezeguet 21
54%
2021/22 Egypt Trezeguet 1
54%
2019/20 Netherlands Anwar El Ghazi 34
51%
2020/21 Netherlands Anwar El Ghazi 28
51%
2021/22 Netherlands Anwar El Ghazi 9
51%
2008/09 United States Brad Guzan 1
51%
2011/12 United States Brad Guzan 7
51%
2012/13 United States Brad Guzan 36
51%
2013/14 United States Brad Guzan 38
51%
2014/15 United States Brad Guzan 34
51%
2015/16 United States Brad Guzan 28
51%
2012/13 Belgium Christian Benteke 34
51%
2013/14 Belgium Christian Benteke 26
51%
2014/15 Belgium Christian Benteke 29
51%
1994/95 England Ian Taylor 22
51%
1995/96 England Ian Taylor 25
51%
1996/97 England Ian Taylor 34
51%
1997/98 England Ian Taylor 32
51%
1998/99 England Ian Taylor 33
51%
1999/00 England Ian Taylor 29
51%
2000/01 England Ian Taylor 29
51%
2001/02 England Ian Taylor 16
51%
2002/03 England Ian Taylor 13
51%
2020/21 England Jacob Ramsey 22
51%
2021/22 England Jacob Ramsey 34
51%
2022/23 England Jacob Ramsey 35
51%
2015/16 England Micah Richards 24
51%
2019/20 Wales Neil Taylor 14
51%
2020/21 Wales Neil Taylor 1
51%
2021/22 Sweden Robin Olsen 1
51%
2022/23 Sweden Robin Olsen 4
51%
1994/95 England Alan Wright 8
49%
1995/96 England Alan Wright 38
49%
1996/97 England Alan Wright 38
49%
1997/98 England Alan Wright 37
49%
1998/99 England Alan Wright 38
49%
1999/00 England Alan Wright 32
49%
2000/01 England Alan Wright 36
49%
2001/02 England Alan Wright 23
49%
2002/03 England Alan Wright 10
49%
1999/00 England David James 29
49%
2000/01 England David James 38
49%
2022/23 Colombia Jhon Duran 12
49%
2001/02 Sweden Olof Mellberg 32
49%
2002/03 Sweden Olof Mellberg 38
49%
2003/04 Sweden Olof Mellberg 33
49%
2004/05 Sweden Olof Mellberg 30
49%
2005/06 Sweden Olof Mellberg 27
49%
2006/07 Sweden Olof Mellberg 38
49%
2007/08 Sweden Olof Mellberg 34
49%
2005/06 England Stuart Taylor 2
49%
2006/07 England Stuart Taylor 6
49%
2007/08 England Stuart Taylor 4
49%
2006/07 Norway John Carew 11
46%
2007/08 Norway John Carew 32
46%
2008/09 Norway John Carew 27
46%
2009/10 Norway John Carew 33
46%
2010/11 Norway John Carew 10
46%
2000/01 Ireland John McGrath 3
46%
1992/93 Ireland Paul McGrath 42
46%
1993/94 Ireland Paul McGrath 30
46%
1994/95 Ireland Paul McGrath 40
46%
1995/96 Ireland Paul McGrath 30
46%
1992/93 Ireland Steve Staunton 42
46%
1993/94 Ireland Steve Staunton 24
46%
1994/95 Ireland Steve Staunton 35
46%
1995/96 Ireland Steve Staunton 13
46%
1996/97 Ireland Steve Staunton 30
46%
1997/98 Ireland Steve Staunton 27
46%
2000/01 Ireland Steve Staunton 14
46%
2001/02 Ireland Steve Staunton 33
46%
2002/03 Ireland Steve Staunton 26
46%
2021/22 England Danny Ings 30
43%
2022/23 England Danny Ings 18
43%
2022/23 Brazil Diego Carlos 3
43%
2011/12 Ireland Robbie Keane 6
43%
2005/06 Northern Ireland Aaron Hughes 35
41%
2006/07 Northern Ireland Aaron Hughes 19
41%
1994/95 England Franz Carr 2
41%
1995/96 England Franz Carr 1
41%
1995/96 England Gareth Southgate 31
41%
1996/97 England Gareth Southgate 28
41%
1997/98 England Gareth Southgate 32
41%
1998/99 England Gareth Southgate 38
41%
1999/00 England Gareth Southgate 31
41%
2000/01 England Gareth Southgate 31
41%
2000/01 Colombia Juan Pablo Angel 9
41%
2001/02 Colombia Juan Pablo Angel 29
41%
2002/03 Colombia Juan Pablo Angel 15
41%
2003/04 Colombia Juan Pablo Angel 33
41%
2004/05 Colombia Juan Pablo Angel 35
41%
2005/06 Colombia Juan Pablo Angel 31
41%
2006/07 Colombia Juan Pablo Angel 23
41%
2019/20 England Keinan Davis 18
41%
2020/21 England Keinan Davis 15
41%
2021/22 England Keinan Davis 1
41%
2022/23 Belgium Leander Dendoncker 20
41%
1995/96 England Lee Hendrie 3
41%
1996/97 England Lee Hendrie 4
41%
1997/98 England Lee Hendrie 17
41%
1998/99 England Lee Hendrie 32
41%
1999/00 England Lee Hendrie 29
41%
2000/01 England Lee Hendrie 32
41%
2001/02 England Lee Hendrie 29
41%
2002/03 England Lee Hendrie 27
41%
2003/04 England Lee Hendrie 32
41%
2004/05 England Lee Hendrie 29
41%
2005/06 England Lee Hendrie 16
41%
2006/07 England Lee Hendrie 1
41%
1992/93 Australia Mark Bosnich 17
41%
1993/94 Australia Mark Bosnich 28
41%
1994/95 Australia Mark Bosnich 30
41%
1995/96 Australia Mark Bosnich 38
41%
1996/97 Australia Mark Bosnich 20
41%
1997/98 Australia Mark Bosnich 30
41%
1998/99 Australia Mark Bosnich 15
41%
2001/02 England Peter Crouch 7
41%
2002/03 England Peter Crouch 14
41%
2003/04 England Peter Crouch 16
41%
2004/05 Northern Ireland Steven Davis 28
41%
2005/06 Northern Ireland Steven Davis 35
41%
2006/07 Northern Ireland Steven Davis 28
41%
2011/12 Scotland Alan Hutton 31
38%
2014/15 Scotland Alan Hutton 30
38%
2015/16 Scotland Alan Hutton 28
38%
2022/23 Spain Alex Moreno 19
38%
2022/23 France Boubacar Kamara 24
38%
2014/15 Colombia Carlos Sanchez 28
38%
2015/16 Colombia Carlos Sanchez 20
38%
1992/93 England Dalian Atkinson 28
38%
1993/94 England Dalian Atkinson 29
38%
1994/95 England Dalian Atkinson 16
38%
1998/99 England Darius Vassell 6
38%
1999/00 England Darius Vassell 11
38%
2000/01 England Darius Vassell 23
38%
2001/02 England Darius Vassell 36
38%
2002/03 England Darius Vassell 33
38%
2003/04 England Darius Vassell 32
38%
2004/05 England Darius Vassell 21
38%
1996/97 England David Hughes 7
38%
2012/13 Ireland Derrick Williams 1
38%
1998/99 England Dion Dublin 24
38%
1999/00 England Dion Dublin 26
38%
2000/01 England Dion Dublin 33
38%
2001/02 England Dion Dublin 21
38%
2002/03 England Dion Dublin 28
38%
2003/04 England Dion Dublin 23
38%
2022/23 Poland Jan Bednarek 3
38%
2004/05 Denmark Martin Laursen 12
38%
2005/06 Denmark Martin Laursen 1
38%
2006/07 Denmark Martin Laursen 14
38%
2007/08 Denmark Martin Laursen 38
38%
2008/09 Denmark Martin Laursen 19
38%
2019/20 Zimbabwe Marvelous Nakamba 29
38%
2020/21 Zimbabwe Marvelous Nakamba 13
38%
2021/22 Zimbabwe Marvelous Nakamba 16
38%
1995/96 England Neil Davis 2
38%
1992/93 England Nigel Spink 25
38%
1993/94 England Nigel Spink 15
38%
1994/95 England Nigel Spink 13
38%
1995/96 England Nigel Spink 2
38%
2001/02 Denmark Peter Schmeichel 29
38%
2012/13 Netherlands Ron Vlaar 27
38%
2013/14 Netherlands Ron Vlaar 32
38%
2014/15 Netherlands Ron Vlaar 20
38%
2000/01 Germany Thomas Hitzlsperger 1
38%
2001/02 Germany Thomas Hitzlsperger 12
38%
2002/03 Germany Thomas Hitzlsperger 26
38%
2003/04 Germany Thomas Hitzlsperger 32
38%
2004/05 Germany Thomas Hitzlsperger 28
38%
1992/93 England Garry Parker 37
35%
1993/94 England Garry Parker 19
35%
1994/95 England Garry Parker 14
35%
2005/06 England Gary Cahill 7
35%
2006/07 England Gary Cahill 20
35%
2007/08 England Gary Cahill 1
35%
2015/16 England Joleon Lescott 30
35%
2015/16 Ghana Jordan Ayew 30
35%
1992/93 England Kevin Richardson 42
35%
1993/94 England Kevin Richardson 40
35%
1994/95 England Kevin Richardson 19
35%
2014/15 England Kieran Richardson 22
35%
2015/16 England Kieran Richardson 11
35%
2019/20 England Matt Targett 28
35%
2020/21 England Matt Targett 38
35%
2021/22 England Matt Targett 17
35%
2003/04 Peru Nolberto Solano 10
35%
2004/05 Peru Nolberto Solano 36
35%
2005/06 Peru Nolberto Solano 3
35%
2020/21 England Ross Barkley 24
35%
2011/12 Ireland Shay Given 32
35%
2012/13 Ireland Shay Given 2
35%
2014/15 Ireland Shay Given 3
35%
2010/11 Ireland Stephen Ireland 10
35%
2011/12 Ireland Stephen Ireland 24
35%
2012/13 Ireland Stephen Ireland 13
35%
1992/93 England Ugo Ehiogu 4
35%
1993/94 England Ugo Ehiogu 17
35%
1994/95 England Ugo Ehiogu 39
35%
1995/96 England Ugo Ehiogu 36
35%
1996/97 England Ugo Ehiogu 38
35%
1997/98 England Ugo Ehiogu 37
35%
1998/99 England Ugo Ehiogu 25
35%
1999/00 England Ugo Ehiogu 31
35%
2000/01 England Ugo Ehiogu 2
35%
2019/20 Brazil Wesley Moraes 21
35%
2020/21 Brazil Wesley Moraes 3
35%
2021/22 Brazil Wesley Moraes 1
35%
2019/20 Egypt Ahmed Elmohamady 18
32%
2020/21 Egypt Ahmed Elmohamady 14
32%
1998/99 England Alan Thompson 25
32%
1999/00 England Alan Thompson 21
32%
2015/16 England Andre Green 2
32%
2009/10 Ireland Ciaran Clark 1
32%
2010/11 Ireland Ciaran Clark 19
32%
2011/12 Ireland Ciaran Clark 15
32%
2012/13 Ireland Ciaran Clark 29
32%
2013/14 Ireland Ciaran Clark 27
32%
2014/15 Ireland Ciaran Clark 25
32%
2015/16 Ireland Ciaran Clark 18
32%
2000/01 France David Ginola 27
32%
2001/02 France David Ginola 5
32%
1992/93 Wales Dean Saunders 35
32%
1993/94 Wales Dean Saunders 38
32%
1994/95 Wales Dean Saunders 39
32%
2009/10 England Fabian Delph 8
32%
2010/11 England Fabian Delph 7
32%
2011/12 England Fabian Delph 11
32%
2012/13 England Fabian Delph 24
32%
2013/14 England Fabian Delph 34
32%
2014/15 England Fabian Delph 28
32%
2009/10 Wales James Collins 27
32%
2010/11 Wales James Collins 32
32%
2011/12 Wales James Collins 32
32%
2005/06 England Kevin Phillips 23
32%
2010/11 England Kyle Walker 15
32%
2005/06 Czech Republic Milan Baros 25
32%
2006/07 Czech Republic Milan Baros 17
32%
2005/06 Czech Republic Patrik Berger 8
32%
2006/07 Czech Republic Patrik Berger 13
32%
2007/08 Czech Republic Patrik Berger 8
32%
1992/93 Ireland Ray Houghton 39
32%
1993/94 Ireland Ray Houghton 30
32%
1994/95 Ireland Ray Houghton 26
32%
1997/98 England Richard Walker 1
32%
1999/00 England Richard Walker 5
32%
2002/03 Norway Ronny Johnsen 26
32%
2003/04 Norway Ronny Johnsen 23
32%
2003/04 Denmark Thomas Sorensen 38
32%
2004/05 Denmark Thomas Sorensen 36
32%
2005/06 Denmark Thomas Sorensen 36
32%
2006/07 Denmark Thomas Sorensen 29
32%
2000/01 Turkey Alpay Ozalan 33
30%
2001/02 Turkey Alpay Ozalan 14
30%
2002/03 Turkey Alpay Ozalan 5
30%
2003/04 Turkey Alpay Ozalan 6
30%
1993/94 Ireland Andy Townsend 32
30%
1994/95 Ireland Andy Townsend 32
30%
1995/96 Ireland Andy Townsend 33
30%
1996/97 Ireland Andy Townsend 34
30%
1997/98 Ireland Andy Townsend 3
30%
2021/22 England Calum Chambers 11
30%
2022/23 England Calum Chambers 14
30%
2021/22 England Cameron Archer 3
30%
2022/23 England Cameron Archer 6
30%
2014/15 Spain Carles Gil 5
30%
2015/16 Spain Carles Gil 23
30%
2019/20 Ireland Conor Hourihane 27
30%
2020/21 Ireland Conor Hourihane 4
30%
2007/08 England Curtis Davies 12
30%
2008/09 England Curtis Davies 35
30%
2009/10 England Curtis Davies 2
30%
2005/06 Norway Eirik Bakke 14
30%
1999/00 Trinidad & Tobago Jlloyd Samuel 9
30%
2000/01 Trinidad & Tobago Jlloyd Samuel 3
30%
2001/02 Trinidad & Tobago Jlloyd Samuel 23
30%
2002/03 Trinidad & Tobago Jlloyd Samuel 38
30%
2003/04 Trinidad & Tobago Jlloyd Samuel 38
30%
2004/05 Trinidad & Tobago Jlloyd Samuel 35
30%
2005/06 Trinidad & Tobago Jlloyd Samuel 19
30%
2006/07 Trinidad & Tobago Jlloyd Samuel 4
30%
2019/20 England Kortney Hause 18
30%
2020/21 England Kortney Hause 7
30%
2021/22 England Kortney Hause 7
30%
2003/04 England Luke Moore 7
30%
2004/05 England Luke Moore 25
30%
2005/06 England Luke Moore 27
30%
2006/07 England Luke Moore 13
30%
2007/08 England Luke Moore 15
30%
2001/02 Morocco Mustapha Hadji 23
30%
2002/03 Morocco Mustapha Hadji 11
30%
2003/04 Morocco Mustapha Hadji 1
30%
1998/99 England Paul Merson 26
30%
1999/00 England Paul Merson 32
30%
2000/01 England Paul Merson 38
30%
2001/02 England Paul Merson 21
30%
2009/10 Ireland Richard Dunne 35
30%
2010/11 Ireland Richard Dunne 32
30%
2011/12 Ireland Richard Dunne 28
30%
1995/96 Serbia Savo Milosevic 37
30%
1996/97 Serbia Savo Milosevic 30
30%
1997/98 Serbia Savo Milosevic 23
30%
2002/03 England Stefan Moore 13
30%
2003/04 England Stefan Moore 8
30%
2004/05 England Stefan Moore 1
30%
1998/99 England Steve Watson 27
30%
1999/00 England Steve Watson 14
30%
2002/03 Ecuador Ulises de la Cruz 20
30%
2003/04 Ecuador Ulises de la Cruz 28
30%
2004/05 Ecuador Ulises de la Cruz 34
30%
2005/06 Ecuador Ulises de la Cruz 7
30%
2008/09 Spain Carlos Cuellar 28
27%
2009/10 Spain Carlos Cuellar 36
27%
2010/11 Spain Carlos Cuellar 12
27%
2011/12 Spain Carlos Cuellar 18
27%
2005/06 England Craig Gardner 8
27%
2006/07 England Craig Gardner 13
27%
2007/08 England Craig Gardner 23
27%
2008/09 England Craig Gardner 14
27%
2009/10 England Craig Gardner 1
27%
2011/12 England Gary Gardner 14
27%
2012/13 England Gary Gardner 2
27%
1999/00 Netherlands George Boateng 33
27%
2000/01 Netherlands George Boateng 33
27%
2001/02 Netherlands George Boateng 37
27%
1993/94 England Guy Whittingham 18
27%
1994/95 England Guy Whittingham 7
27%
2013/14 Curacao Leandro Bacuna 35
27%
2014/15 Curacao Leandro Bacuna 19
27%
2015/16 Curacao Leandro Bacuna 31
27%
1998/99 Wales Mark Delaney 2
27%
1999/00 Wales Mark Delaney 28
27%
2000/01 Wales Mark Delaney 19
27%
2001/02 Wales Mark Delaney 30
27%
2002/03 Wales Mark Delaney 12
27%
2003/04 Wales Mark Delaney 25
27%
2004/05 Wales Mark Delaney 30
27%
2005/06 Wales Mark Delaney 12
27%
1995/96 England Mark Draper 36
27%
1996/97 England Mark Draper 29
27%
1997/98 England Mark Draper 31
27%
1998/99 England Mark Draper 23
27%
1999/00 England Mark Draper 1
27%
1999/00 Finland Peter Enckelman 10
27%
2001/02 Finland Peter Enckelman 9
27%
2002/03 Finland Peter Enckelman 33
27%
2002/03 England Peter Whittingham 4
27%
2003/04 England Peter Whittingham 32
27%
2004/05 England Peter Whittingham 13
27%
2005/06 England Peter Whittingham 4
27%
2006/07 England Peter Whittingham 3
27%
2007/08 England Scott Carson 35
27%
2014/15 England Scott Sinclair 9
27%
2015/16 England Scott Sinclair 27
27%
1992/93 England Shaun Teale 39
27%
1993/94 England Shaun Teale 38
27%
1994/95 England Shaun Teale 28
27%
1998/99 England Steve Stone 10
27%
1999/00 England Steve Stone 24
27%
2000/01 England Steve Stone 34
27%
2001/02 England Steve Stone 22
27%
2009/10 England Stewart Downing 25
27%
2010/11 England Stewart Downing 38
27%
2005/06 Netherlands Wilfred Bouma 20
27%
2006/07 Netherlands Wilfred Bouma 25
27%
2007/08 Netherlands Wilfred Bouma 38
27%
2011/12 France Charles N'Zogbia 30
24%
2012/13 France Charles N'Zogbia 21
24%
2014/15 France Charles N'Zogbia 27
24%
2015/16 France Charles N'Zogbia 2
24%
1998/99 Scotland Colin Calderwood 8
24%
1999/00 Scotland Colin Calderwood 18
24%
1992/93 England Earl Barrett 42
24%
1993/94 England Earl Barrett 39
24%
1994/95 England Earl Barrett 25
24%
2004/05 Cameroon Eric Djemba-Djemba 6
24%
2005/06 Cameroon Eric Djemba-Djemba 4
24%
2006/07 Cameroon Eric Djemba-Djemba 1
24%
2015/16 Senegal Idrissa Gueye 35
24%
1995/96 England Julian Joachim 11
24%
1996/97 England Julian Joachim 15
24%
1997/98 England Julian Joachim 26
24%
1998/99 England Julian Joachim 36
24%
1999/00 England Julian Joachim 33
24%
2000/01 England Julian Joachim 20
24%
2019/20 Tanzania Mbwana Samatta 14
24%
2020/21 France Morgan Sanson 9
24%
2021/22 France Morgan Sanson 10
24%
2022/23 France Morgan Sanson 2
24%
2007/08 England Nigel Reo-Coker 36
24%
2008/09 England Nigel Reo-Coker 26
24%
2009/10 England Nigel Reo-Coker 10
24%
2010/11 England Nigel Reo-Coker 30
24%
2002/03 Norway Oyvind Leonhardsen 19
24%
1994/95 England Phil King 16
24%
2014/15 England Rushian Hepburn-Murphy 1
24%
2015/16 England Rushian Hepburn-Murphy 1
24%
1997/98 England Stan Collymore 25
24%
1998/99 England Stan Collymore 20
24%
2009/10 England Stephen Warnock 30
24%
2010/11 England Stephen Warnock 19
24%
2011/12 England Stephen Warnock 35
24%
2010/11 Austria Andreas Weimann 1
22%
2011/12 Austria Andreas Weimann 14
22%
2012/13 Austria Andreas Weimann 30
22%
2013/14 Austria Andreas Weimann 37
22%
2014/15 Austria Andreas Weimann 31
22%
2019/20 Belgium Bjorn Engels 17
22%
2006/07 England Chris Sutton 8
22%
2008/09 England Emile Heskey 14
22%
2009/10 England Emile Heskey 31
22%
2010/11 England Emile Heskey 19
22%
2011/12 England Emile Heskey 28
22%
2019/20 France Frederic Guilbert 25
22%
2003/04 England Gavin McCann 28
22%
2004/05 England Gavin McCann 20
22%
2005/06 England Gavin McCann 32
22%
2006/07 England Gavin McCann 30
22%
2001/02 Morocco Hassan Kachloul 22
22%
2013/14 Denmark Jores Okore 3
22%
2014/15 Denmark Jores Okore 23
22%
2015/16 Denmark Jores Okore 12
22%
2022/23 Sweden Ludwig Augustinsson 3
22%
1992/93 England Neil Cox 15
22%
1993/94 England Neil Cox 20
22%
2019/20 Spain Pepe Reina 12
22%
2006/07 Scotland Shaun Maloney 8
22%
2007/08 Scotland Shaun Maloney 22
22%
2019/20 England Tom Heaton 20
22%
1999/00 Italy Benito Carbone 24
19%
2001/02 Croatia Bosko Balaban 8
19%
2019/20 Cote D'Ivoire Jonathan Kodjia 6
19%
2015/16 France Jordan Veretout 25
19%
2003/04 England Liam Ridgewell 11
19%
2004/05 England Liam Ridgewell 15
19%
2005/06 England Liam Ridgewell 32
19%
2006/07 England Liam Ridgewell 21
19%
2009/10 England Marc Albrighton 3
19%
2010/11 England Marc Albrighton 29
19%
2011/12 England Marc Albrighton 26
19%
2012/13 England Marc Albrighton 9
19%
2013/14 England Marc Albrighton 19
19%
2002/03 Sweden Marcus Allback 20
19%
2003/04 Sweden Marcus Allback 15
19%
2007/08 England Marlon Harewood 23
19%
2008/09 England Marlon Harewood 6
19%
1996/97 England Michael Oakes 20
19%
1997/98 England Michael Oakes 8
19%
1998/99 England Michael Oakes 23
19%
2019/20 Norway Orjan Nyland 7
19%
2006/07 Scotland Phil Bardsley 13
19%
2010/11 France Robert Pires 9
19%
1992/93 England Tony Daley 13
19%
1993/94 England Tony Daley 27
19%
2012/13 England Ashley Westwood 30
16%
2013/14 England Ashley Westwood 35
16%
2014/15 England Ashley Westwood 27
16%
2015/16 England Ashley Westwood 32
16%
2012/13 Australia Brett Holman 27
16%
2020/21 England Carney Chukwuemeka 2
16%
2021/22 England Carney Chukwuemeka 12
16%
2019/20 England Danny Drinkwater 4
16%
1996/97 Portugal Fernando Nelson 34
16%
1997/98 Portugal Fernando Nelson 25
16%
2006/07 Hungary Gabor Kiraly 5
16%
1994/95 England Gary Charles 16
16%
1995/96 England Gary Charles 34
16%
1997/98 England Gary Charles 18
16%
1998/99 England Gary Charles 11
16%
1993/94 England Gordon Cowans 11
16%
2019/20 England Henri Lansbury 10
16%
2020/21 England Jaden Philogene-Bidace 1
16%
2021/22 England Jaden Philogene-Bidace 1
16%
2014/15 England Jed Steer 1
16%
2019/20 England Jed Steer 1
16%
2021/22 England Jed Steer 1
16%
2011/12 England Jermaine Jenas 3
16%
2002/03 Iceland Johannes Karl Gudjonsson 11
16%
2000/01 Belgium Luc Nilis 3
16%
2015/16 Benin Rudy Gestede 32
16%
2002/03 Netherlands Stefan Postma 6
16%
2003/04 Netherlands Stefan Postma 2
16%
2004/05 Netherlands Stefan Postma 3
16%
2021/22 England Tim Iroegbunam 3
16%
2010/11 Australia Chris Herd 6
14%
2011/12 Australia Chris Herd 19
14%
2012/13 Australia Chris Herd 9
14%
2013/14 Australia Chris Herd 2
14%
2006/07 France Didier Agathe 5
14%
2019/20 United States Indiana Vassilev 4
14%
2012/13 England Joe Bennett 25
14%
2013/14 England Joe Bennett 5
14%
1994/95 England John Fashanu 13
14%
2012/13 Morocco Karim El Ahmadi 20
14%
2013/14 Morocco Karim El Ahmadi 31
14%
2002/03 Ireland Mark Kinsella 19
14%
2003/04 Ireland Mark Kinsella 2
14%
2012/13 England Matthew Lowton 37
14%
2013/14 England Matthew Lowton 23
14%
2014/15 England Matthew Lowton 12
14%
2007/08 Togo Moustapha Salifou 4
14%
2010/11 England Nathan Baker 4
14%
2011/12 England Nathan Baker 8
14%
2012/13 England Nathan Baker 26
14%
2013/14 England Nathan Baker 30
14%
2014/15 England Nathan Baker 11
14%
2008/09 England Nathan Delfouneso 4
14%
2009/10 England Nathan Delfouneso 9
14%
2010/11 England Nathan Delfouneso 11
14%
2011/12 England Nathan Delfouneso 6
14%
2012/13 England Nathan Delfouneso 1
14%
1994/95 Ghana Nii Lamptey 6
14%
1995/96 England Riccardo Scimeca 17
14%
1996/97 England Riccardo Scimeca 17
14%
1997/98 England Riccardo Scimeca 21
14%
1998/99 England Riccardo Scimeca 18
14%
1996/97 Serbia Sasa Curcic 22
14%
1997/98 Serbia Sasa Curcic 7
14%
1997/98 England Simon Grayson 33
14%
1998/99 England Simon Grayson 15
14%
2008/09 England Steve Sidwell 16
14%
2009/10 England Steve Sidwell 25
14%
2010/11 England Steve Sidwell 4
14%
2007/08 England Zat Knight 27
14%
2008/09 England Zat Knight 13
14%
2013/14 Bulgaria Aleksandar Tonev 17
11%
2013/14 Spain Antonio Luna 17
11%
2021/22 England Axel Tuanzebe 9
11%
2010/11 Scotland Barry Bannan 12
11%
2011/12 Scotland Barry Bannan 28
11%
2012/13 Scotland Barry Bannan 24
11%
1992/93 England Bryan Small 14
11%
1993/94 England Bryan Small 9
11%
1994/95 England Bryan Small 5
11%
2013/14 Ireland Callum Robinson 4
11%
1997/98 Jamaica Darren Byfield 7
11%
1992/93 England David Farrell 2
11%
1993/94 England David Farrell 4
11%
2010/11 United States Eric Lichaj 5
11%
2011/12 United States Eric Lichaj 10
11%
2012/13 United States Eric Lichaj 17
11%
2000/01 Belgium Gilles De Bilde 4
11%
1993/94 England Graham Fenton 12
11%
1994/95 England Graham Fenton 17
11%
1995/96 England Graham Fenton 3
11%
2015/16 France Jordan Amavi 10
11%
2015/16 Spain Jose Crespo 1
11%
1992/93 England Mark Blake 1
11%
2015/16 England Mark Bunn 10
11%
1992/93 England Martin Carruthers 1
11%
2004/05 France Mathieu Berson 11
11%
2010/11 United States Michael Bradley 3
11%
2013/14 Denmark Nicklas Helenius 3
11%
2014/15 Switzerland Philippe Senderos 8
11%
2002/03 Wales Rob Edwards 8
11%
2011/12 Ireland Samir Carruthers 3
11%
2002/03 England Stephen Cooke 3
11%
1992/93 England Stephen Froggatt 17
11%
1993/94 England Stephen Froggatt 9
11%
2014/15 England Tom Cleverley 31
11%
1998/99 England Adam Rachel 1
8%
2014/15 France Aly Cissokho 25
8%
2015/16 France Aly Cissokho 18
8%
2019/20 Spain Borja Baston 2
8%
1995/96 England Carl Tiler 1
8%
1996/97 England Carl Tiler 11
8%
1992/93 England Cyrille Regis 13
8%
1993/94 Poland Dariusz Kubicki 2
8%
1995/96 Ireland Gareth Farrelly 5
8%
1996/97 Ireland Gareth Farrelly 3
8%
2013/14 England Grant Holt 10
8%
2009/10 Senegal Habib Beye 6
8%
2010/11 Senegal Habib Beye 3
8%
2006/07 England Isaiah Osbourne 11
8%
2007/08 England Isaiah Osbourne 8
8%
2010/11 Cameroon Jean Makoun 7
8%
1999/00 England Jonathan Bewers 1
8%
2012/13 England Jordan Bowery 10
8%
2013/14 England Jordan Bowery 9
8%
2015/16 Australia Jordan Lyden 4
8%
2015/16 Ireland Kevin Toner 4
8%
2013/14 Czech Republic Libor Kozak 14
8%
2015/16 Czech Republic Libor Kozak 4
8%
1999/00 Israel Najwan Ghrayib 5
8%
1999/00 England Neil Cutler 1
8%
2008/09 England Nicky Shorey 21
8%
2009/10 England Nicky Shorey 3
8%
2013/14 England Ryan Bertrand 16
8%
1995/96 Scotland Scott Murray 3
8%
1996/97 Scotland Scott Murray 1
8%
1992/93 Germany Stefan Beinlich 7
8%
1993/94 Germany Stefan Beinlich 7
8%
2007/08 England Wayne Routledge 1
8%
2008/09 England Wayne Routledge 1
8%
2012/13 Mali Yacouba Sylla 11
8%
2013/14 Mali Yacouba Sylla 11
8%
1994/95 England Chris Boden 1
5%
2012/13 Ireland Enda Stevens 7
5%
1992/93 Scotland Frank McAvennie 3
5%
2010/11 England Jonathan Hogg 5
5%
2019/20 Spain Jota 10
5%
1992/93 Germany Matthias Breitkreutz 3
5%
1993/94 Germany Matthias Breitkreutz 2
5%
1995/96 Scotland Paul Browne 2
5%
2012/13 Jamaica Simon Dawkins 4
5%
No matching quizzes found
Score Distribution
Percent of People with Each Score
Percentile by Number Answered
Your Score History
You have not taken this quiz